| 000 | 00522nam a2200193Ia 4500 | ||
|---|---|---|---|
| 003 | GCL | ||
| 008 | 140319s9999 xx 000 0 eng d | ||
| 040 |
_aGCL / _cGCL |
||
| 082 | 0 | 4 |
_a940.558 _bC E |
| 100 | 1 | _aCALAME, CHRISTOPHE | |
| 245 | 1 | 0 |
_aECRITS SUR L'EUROPE / _cCALAME, CHRISTOPHE |
| 260 |
_a[S.N] : _bEDITIONS DE LA DIFFERENCE |
||
| 300 | _aMULTI | ||
| 650 | 0 | 4 | _aEUROPE - HISTORY |
| 650 | 0 | 4 | _aHISTORY |
| 650 | 0 | 4 | _aEUROPE - HISTORY - 1948-1961 |
| 650 | 0 | 4 | _aEUROPE - HISTORY - 1962 - 1986 |
| 942 |
_2ddc _cBK |
||
| 999 |
_c14173 _d14173 |
||